000 00665nam a2200181Ia 4500
003 GCL
008 140319s9999 xx 000 0 ara d
040 _aGCL /
_cGCL
082 0 4 _aد
_b050
_bم م
245 1 0 _aالمستقبل العربى ( سبتمبر 2005 )
250 _aالاولى
260 _aبيروت :
_bمركز دراسات الوحدة العربية ،
_c2005
650 0 4 _aالعراق - تاريخ - العصر الحديث
650 0 4 _aالعالم العربى - الاحوال السياسية
650 0 4 _aالعالم العربى - الاحوال الاجتماعية
650 0 4 _aموريتانيا - تاريخ
942 _2ddc
_cCR
999 _c7640
_d7640